MARC

LEADER 00000nam0a2200000 4500
001 193005
005 20231031181610.0
035 |a (RuTPU)RU\TPU\book\210435 
090 |a 193005 
100 |a 20110311g1934 km y0rusy5003 ca 
101 0 |a rus 
102 |a RU 
105 |a a z 000zy 
200 1 |a Вторичные цветные металлы  |e Источники, их значение и использование  |f Н. В. Автократов  |g под ред. Н. Н. Мурача 
210 |a Москва  |a Ленинград  |a Свердловск  |g 1934  |c Государственное научно-техническое изд-во по черной и цветной металлургии 
215 |d 112 с. 
320 |a Библиогр.: с. 111 
610 1 |a металлургия 
610 1 |a цветная металлургия 
610 1 |a цветные металлы 
610 1 |a вторичные металлы 
610 1 |a источники 
610 1 |a использование 
610 1 |a классификация 
700 1 |a Автократов  |b Н. В. 
702 1 |a Мурач  |b Н. Н.  |4 340 
801 2 |a RU  |b 63413507  |c 20110507  |g RCR 
942 |c BK